[Event "57.SMM ASD Arci BZ 1-Kaltern/Tramin"]
[Site "Bolzano"]
[Date "2025.11.29"]
[Round "3.1"]
[White "Bertagnolli, Alexander"]
[Black "Seresin, Francesco"]
[Result "1/2-1/2"]
[WhiteElo "2335"]
[BlackElo "2309"]
[PlyCount "104"]
[EventDate "2025.11.29"]

{[%evp 0,104,80,36,71,69,79,54,45,32,61,46,36,19,16,-10,3,10,4,4,28,29,18,6,4,7,6,2,0,18,17,0,0,-2,0,-6,-1,-2,-8,0,0,0,0,1,0,0,-4,-1,1,2,-6,-6,0,-6,-14,-13,-7,-13,-12,1,-6,-7,-6,0,-5,-1,-4,-17,-17,-64,-65,-56,-53,-61,-75,-76,-74,-80,-74,-86,-83,-82,-78,-52,-48,-74,-29,-28,0,0,-36,-1,0,0,0,0,0,0,0,0,0,0,0,0,0,0,0]} 1. e4 c5 2. Nf3 d6 3. Bb5+ Bd7 4. Bxd7+ Qxd7 5. O-O Nc6 6. Qe2 Nf6 7. c3 e6 8. d4 cxd4 9. cxd4 d5 10. e5 Ne4 11. Be3 Be7 12. Ne1 f6 13. f3 Ng5 14. Bxg5 fxg5 15. Nc2 O-O 16. Nc3 Rac8 17. Rad1 Qd8 18. Rf2 a6 19. g3 Qb6 20. Na4 Qa5 21. Nc3 Qb6 22. Na4 Qa5 23. Nc3 Nb4 24. a3 Nxc2 25. Qxc2 Qb6 26. Rd3 Qc6 27. Qd2 b5 28. Nd1 Qc1 29. Kg2 Bd8 30. Qe2 Qc6 31. Rc3 Qd7 32. Rxc8 Qxc8 33. Qd3 Qc4 34. Qxc4 bxc4 35. Rd2 Ba5 36. Nc3 Rb8 37. Rc2 Bxc3 38. bxc3 a5 39. a4 Kf7 40. Kf2 Ke7 41. Ke3 Rb1 42. h3 h5 43. f4 Kf7 44. fxg5 Kg6 45. h4 Rd1 46. Kf4 Rf1+ 47. Ke3 Ra1 48. Rb2 Ra3 49. Kf4 Rb3 50. Rc2 Rb1 51. Rf2 Rb3 52. Rc2 Rb1 1/2-1/2

[Event "57.SMM ASD Arci BZ 1-Kaltern/Tramin"]
[Site "Bolzano"]
[Date "2025.11.29"]
[Round "3.2"]
[White "Olivetti, Davide"]
[Black "Zucchelli, Massimo"]
[Result "1-0"]
[WhiteElo "2221"]
[BlackElo "2071"]
[PlyCount "53"]
[EventDate "2025.11.29"]

{[%evp 0,53,25,38,41,51,42,8,33,-6,19,5,5,13,9,20,20,3,-8,-10,-15,-27,-5,-23,17,10,10,17,41,-6,9,-1,12,-58,-13,-17,-4,-45,-25,-45,-63,-75,-40,-39,-45,-47,-49,-79,-49,-49,239,281,361,312,353,343]} 1. e4 e6 2. Nf3 d5 3. e5 c5 4. b4 c4 5. a3 a5 6. b5 Nd7 7. d3 cxd3 8. Bxd3 Ne7 9. O-O Ng6 10. Re1 Qc7 11. Bb2 Nb6 12. Nbd2 Bd7 13. a4 Rc8 14. Nb3 Nc4 15. Bd4 Bb4 16. Bxg6 hxg6 17. c3 Be7 18. Ra2 Rh5 19. g4 Rh7 20. Qc1 Qd8 21. Kg2 Kf8 22. Rh1 Kg8 23. h4 b6 24. Qf4 Bxh4 25. g5 f6 26. Rxh4 Rxh4 27. Qxh4 1-0

[Event "57.SMM ASD Arci BZ 1-Kaltern/Tramin"]
[Site "Bolzano"]
[Date "2025.11.29"]
[Round "3.3"]
[White "Panjkovic, Aleksandar"]
[Black "Perino, Alberto"]
[Result "1/2-1/2"]
[WhiteElo "2057"]
[BlackElo "2022"]
[PlyCount "51"]
[EventDate "2025.11.29"]

{[%evp 0,51,21,24,20,27,51,41,59,36,39,37,47,51,47,46,29,29,31,31,45,27,27,17,-2,-5,-1,-26,-18,-20,-7,-12,-13,-14,19,9,41,9,23,8,38,-1,10,9,9,-6,1,1,-1,0,-5,-34,-29,-25]} 1. Nf3 Nf6 2. d4 c5 3. e3 g6 4. c3 cxd4 5. exd4 d5 6. Bd3 Nc6 7. Bf4 Nh5 8. Be3 Qd6 9. O-O Nf4 10. Bxf4 Qxf4 11. Qd2 Bh6 12. Qxf4 Bxf4 13. h3 O-O 14. Re1 Kg7 15. Na3 a6 16. Nc2 Kf6 17. Ne3 Bxe3 18. Rxe3 Rd8 19. Rae1 Rb8 20. Ne5 Nxe5 21. Rxe5 e6 22. a4 Bd7 23. Ra1 Rdc8 24. a5 Bb5 25. Re3 Bxd3 26. Rxd3 1/2-1/2

[Event "57.SMM ASD Arci BZ 1-Kaltern/Tramin"]
[Site "Bolzano"]
[Date "2025.11.29"]
[Round "3.4"]
[White "Zammarchi, Massimo"]
[Black "Maier, Fridolin"]
[Result "1/2-1/2"]
[WhiteElo "1993"]
[BlackElo "1905"]
[PlyCount "55"]
[EventDate "2025.11.29"]

{[%evp 0,55,24,25,11,24,62,17,44,28,32,29,22,9,21,19,16,3,-2,-26,-23,-21,20,3,30,1,-17,-25,1,28,22,-29,53,-11,25,-14,-5,0,0,0,0,0,0,0,9,-3,-3,-26,0,0,0,-16,85,-16,-16,-16,85,-16]} 1. e4 e5 2. Nf3 Nf6 3. Nxe5 d6 4. Nf3 Nxe4 5. d3 Nf6 6. Be2 d5 7. O-O Bd6 8. c4 h6 9. cxd5 Nxd5 10. Nc3 c6 11. Nxd5 cxd5 12. d4 O-O 13. Qb3 Re8 14. Re1 Nc6 15. Bd2 a5 16. Kf1 Nb4 17. Bb5 Bd7 18. Rxe8+ Qxe8 19. Bxd7 Qxd7 20. Bxb4 Qb5+ 21. Kg1 a4 22. Qc2 Bxb4 23. Rc1 Re8 24. b3 Re2 25. Qc8+ Re8 26. Qc2 Re2 27. Qc8+ Re8 28. Qc2 1/2-1/2

[Event "57.SMM ASD Arci BZ 1-Kaltern/Tramin"]
[Site "Bolzano"]
[Date "2025.11.29"]
[Round "3.5"]
[White "Bertagnolli, Gerhard"]
[Black "De Vita, Gianni"]
[Result "0-1"]
[WhiteElo "1940"]
[BlackElo "1968"]
[PlyCount "166"]
[EventDate "2025.11.29"]

{[%evp 0,159,14,27,32,-16,24,35,50,13,42,23,56,44,30,24,24,21,10,24,63,59,56,51,91,91,91,87,87,91,100,67,80,78,69,70,81,75,80,89,112,86,104,86,82,83,96,58,68,56,53,61,52,0,0,0,0,-7,0,-3,-6,0,0,2,8,8,3,3,22,11,3,-42,-15,-31,-22,-16,0,0,0,0,27,9,20,23,34,19,19,21,27,21,38,39,104,39,26,31,24,106,242,-36,-19,-126,-146,-143,-154,-162,-68,-75,-56,-75,-60,-60,-60,-60,-58,-63,-36,-68,-78,-87,-65,-73,-63,-63,-51,-106,-116,-124,-110,-118,-118,-118,-106,-128,-128,-128,-118,-128,-117,-128,-136,-130,-127,-136,-135,-135,-135,-159,-116,-130,-105,-117,-115,-117,-114,-142,-134,-136,-142,-154,-159,-142]} 1. d4 d5 2. c4 c6 3. Nc3 Nf6 4. Nf3 e6 5. Bg5 h6 6. Bxf6 Qxf6 7. e3 Nd7 8. Rc1 Bd6 9. Be2 dxc4 10. Bxc4 O-O 11. O-O Nb6 12. Ne4 Qd8 13. Nxd6 Qxd6 14. Bd3 Nd5 15. Qe2 Rd8 16. Rfd1 Bd7 17. Bb1 Be8 18. a3 a5 19. Qc2 g6 20. Ne5 Kg7 21. h4 h5 22. g3 Ne7 23. Qc5 Qc7 24. Qc4 f6 25. Nd3 Bf7 26. Nc5 e5 27. Ne6+ Bxe6 28. Qxe6 Rd6 29. Qb3 exd4 30. Rxd4 Rxd4 31. exd4 Rd8 32. Ba2 Nf5 33. d5 c5 34. Qc3 b6 35. Rd1 Qd6 36. Re1 Nd4 37. a4 Rd7 38. Bc4 Re7 39. Kg2 Re5 40. Rxe5 Qxe5 41. Qe3 Nf5 42. Qxe5 fxe5 43. Kf3 Kf6 44. Bd3 Nd6 45. b3 Nf5 46. Ke4 Nd6+ 47. Ke3 Nf5+ 48. Bxf5 gxf5 49. Kd3 e4+ 50. Kc4 Ke5 51. Kb5 Kxd5 52. Kxb6 Kd4 53. Kxa5 Kd3 54. Kb6 Ke2 55. a5 Kxf2 56. a6 e3 57. a7 e2 58. a8=Q e1=Q 59. Qd5 Qb4+ 60. Kc7 Kxg3 61. Qxf5 Kxh4 62. Qf2+ Kg5 63. Qg3+ Qg4 64. Qe5+ Qf5 65. Qg3+ Kf6 66. Qd6+ Kg7 67. Qg3+ Kh7 68. Qe3 Kg7 69. Qc3+ Kf7 70. Qc4+ Kf6 71. Qh4+ Qg5 72. Qf2+ Ke6 73. Qf3 Qe5+ 74. Kc6 Qf5 75. Qe3+ Kf7 76. Kd6 Kg6 77. Qg3+ Qg5 78. Qd3+ Kh6 79. Qc3 h4 80. Qh8+ Kg6 81. Qe8+ Kh7 82. Qf7+ Qg7 83. Qc4 Qd4+ 0-1

[Event "57.SMM ASD Arci BZ 1-Kaltern/Tramin"]
[Site "Bolzano"]
[Date "2025.11.29"]
[Round "3.6"]
[White "Benvenuto, Alexander"]
[Black "Thaler, Elmar"]
[Result "1/2-1/2"]
[WhiteElo "1805"]
[BlackElo "1869"]
[PlyCount "57"]
[EventDate "2025.11.29"]

{[%evp 0,57,17,16,69,52,61,33,22,33,42,42,25,17,26,32,33,41,48,36,28,17,18,18,24,-4,2,4,2,0,9,14,3,-3,0,-40,-41,-48,-24,-46,-44,-46,-48,-42,-36,-39,-48,-33,-35,-68,-34,-55,-14,-43,-24,-35,-1,-8,-4,-55]} 1. d4 c6 2. Nf3 d5 3. e3 Nf6 4. Bd3 Bg4 5. Nbd2 e6 6. O-O Be7 7. c3 Nbd7 8. e4 dxe4 9. Nxe4 Nxe4 10. Bxe4 Nf6 11. Bc2 Qd5 12. h3 Bxf3 13. Qxf3 Qxf3 14. gxf3 O-O 15. Bf4 Rfd8 16. Rae1 Nd5 17. Bc1 c5 18. dxc5 Bxc5 19. Re4 h6 20. Rg4 f5 21. Rg2 Kf7 22. Re1 Be7 23. Bb3 b5 24. Kh1 Bf6 25. Rgg1 Re8 26. Re2 Rad8 27. Rge1 Bg5 28. Bxg5 hxg5 29. Bxd5 1/2-1/2

[Event "57.SMM SK Steinegg/Rk-Gröden"]
[Site "?"]
[Date "2025.11.29"]
[Round "3.1"]
[White "Moroder, Stephan"]
[Black "Engl, Stefan"]
[Result "1-0"]
[WhiteElo "2179"]
[BlackElo "2022"]
[PlyCount "55"]
[EventDate "8.??.??"]
[SourceVersionDate "2025.11.30"]

{[%evp 0,55,40,30,31,42,44,25,7,6,2,2,7,3,14,-16,-7,3,-11,-46,-34,-26,-31,-36,24,5,24,-58,-15,-39,-15,-15,21,47,31,33,55,-20,48,63,130,22,22,-10,-10,23,74,83,83,92,147,155,341,331,367,363,485,492]} 1. e4 e6 2. d4 d5 3. e5 c5 4. c3 Nc6 5. Nf3 Qb6 6. a3 f6 7. Bd3 c4 8. Bc2 fxe5 9. dxe5 Nh6 10. O-O Nf7 11. Nbd2 Be7 12. b3 cxb3 13. Bxb3 O-O 14. Qe2 Bd7 15. Rb1 Qc7 16. c4 d4 17. Re1 Rad8 18. h4 Bc5 19. Bc2 g6 20. h5 d3 21. Qxd3 Nfxe5 22. Qe4 Be8 23. Re2 Rf5 24. Bb2 Rxh5 25. Nxe5 Nxe5 26. Bxe5 Rxe5 27. Qxe5 Bd6 28. Qc3 1-0

[Event "57.SMM SK Steinegg/Rk-Gröden"]
[Site "?"]
[Date "2025.11.29"]
[Round "3.2"]
[White "Pichler, Martin"]
[Black "Luciani, Valerio"]
[Result "1/2-1/2"]
[WhiteElo "1962"]
[BlackElo "2170"]
[PlyCount "124"]
[EventDate "2025.??.??"]
[SourceVersionDate "2025.11.30"]

{[%evp 0,77,19,38,40,46,33,27,48,48,50,14,23,18,2,2,25,22,22,14,18,7,1,-14,-7,-46,-29,-31,-25,-30,2,-52,-46,-159,4,0,49,60,60,60,61,54,58,54,140,127,134,136,138,138,153,61,60,52,70,86,75,29,96,86,86,114,110,113,186,179,183,183,202,189,206,147,187,158,227,187,178,106,78,78]} 1. e4 c5 2. Nc3 Nc6 3. f4 g6 4. Nf3 Bg7 5. Bb5 Nd4 6. O-O Nxb5 7. Nxb5 a6 8. Nc3 d6 9. d3 Nf6 10. Bd2 O-O 11. h3 b5 12. Qe1 b4 13. Ne2 Bb7 14. Qh4 e6 15. f5 exf5 16. Bg5 h6 17. Bxh6 Nh7 18. Bxg7 Kxg7 19. exf5 Qxh4 20. Nxh4 Rae8 21. Rae1 g5 22. f6+ Kh8 23. Nf5 Re6 24. Neg3 Rfe8 25. Ne7 Rxe1 26. Rxe1 Nxf6 27. Ngf5 Rd8 28. Kf2 Rd7 29. h4 g4 30. Kg3 Kh7 31. Re2 Bd5 32. Nxd5 Nxd5 33. Kxg4 Rd8 34. Kf3 a5 35. Ne3 Nb6 36. Nc4 Na4 37. Nxa5 Nxb2 38. Nb3 Ra8 39. Nc1 Nd1 40. Re7 Kg8 41. Rd7 Ra6 42. g4 Nc3 43. Kf4 Nxa2 44. Ne2 Nc3 45. Nxc3 bxc3 46. Kf5 Ra2 47. Rxd6 Rxc2 48. Rc6 Rd2 49. Rxc5 Rxd3 50. h5 Rf3+ 51. Kg5 Kg7 52. Rc7 Kh7 53. Kh4 Kg7 54. g5 Kg8 55. Kg4 Rd3 56. h6 Rd4+ 57. Kf5 Rd5+ 58. Kf6 Rd6+ 59. Ke5 Rd3 60. Rc8+ Kh7 61. Kf6 Rf3+ 62. Ke7 Rf5 1/2-1/2

[Event "57.SMM SK Steinegg/Rk-Gröden"]
[Site "?"]
[Date "2025.11.29"]
[Round "3.3"]
[White "Demetz, Rainer"]
[Black "Lantschner, Carmen"]
[Result "1-0"]
[WhiteElo "2213"]
[BlackElo "1833"]
[PlyCount "125"]
[EventDate "2025.??.??"]
[SourceVersionDate "2025.11.30"]

{[%evp 0,86,31,23,79,64,79,74,74,84,76,42,56,38,3,3,9,-19,35,44,37,21,65,46,59,48,48,50,187,214,204,218,220,220,205,205,204,205,217,203,218,211,214,212,200,185,195,177,213,198,206,191,234,238,271,167,155,127,136,154,149,116,114,114,114,125,118,116,229,228,238,234,242,245,244,254,246,253,238,235,317,319,307,301,307,293,293,300,326]} 1. e4 d6 2. d4 g6 3. Nf3 Bg7 4. Bc4 Nf6 5. Qe2 O-O 6. e5 dxe5 7. dxe5 Nd5 8. h3 Nc6 9. O-O Na5 10. Bd3 c5 11. Rd1 Qc7 12. Be4 Nb6 13. Nc3 Nbc4 14. Nd5 Qb8 15. Nxe7+ Kh8 16. Nxc8 Qxc8 17. Bd5 Nb6 18. c4 Qf5 19. g4 Qc8 20. Bf4 Nc6 21. Bxc6 Qxc6 22. Rd6 Qc7 23. Rad1 Rae8 24. b3 Qc8 25. Kg2 Na8 26. Qe3 b6 27. Bg3 Nc7 28. Qd3 Ne6 29. Qd5 h6 30. Rd7 Rd8 31. Rd3 Kg8 32. Rd6 Rfe8 33. Qe4 Qa6 34. Rxd8 Nxd8 35. Qa8 Qb7 36. Qxb7 Nxb7 37. Rd7 Nd8 38. Rxa7 Nc6 39. Rb7 Rb8 40. Rxb8+ Nxb8 41. e6 Nc6 42. exf7+ Kxf7 43. Bc7 Nb4 44. a3 Nc2 45. Bxb6 Nxa3 46. Bxc5 Nc2 47. Nd2 Ke6 48. b4 Bc3 49. Ne4 Bxb4 50. Bxb4 Nxb4 51. f4 Nc6 52. Kf3 Na5 53. Nd2 Nb7 54. Ke4 Nc5+ 55. Kd4 Nd7 56. Ne4 Nb6 57. c5 Na4 58. Nf2 Nb2 59. Kc3 Na4+ 60. Kb4 Nxc5 61. Kxc5 h5 62. Ne4 hxg4 63. hxg4 1-0

[Event "57.SMM SK Steinegg/Rk-Gröden"]
[Site "?"]
[Date "2025.11.29"]
[Round "3.4"]
[White "Psenner, Matthias"]
[Black "Moroder, Thomas"]
[Result "1/2-1/2"]
[WhiteElo "1732"]
[BlackElo "2045"]
[PlyCount "54"]
[EventDate "2025.??.??"]

1. e4 c5 2. c3 Nf6 3. e5 Nd5 4. Nf3 e6 5. Bc4 Nb6 6. Bb3 c4 7. Bc2 Nc6 8. O-O Qc7 9. Re1 d6 10. exd6 Bxd6 11. a4 Bd7 12. a5 Nd5 13. a6 b5 14. Na3 Nce7 15. d3 Rd8 16. dxc4 bxc4 17. Qd4 Bc5 18. Qxg7 Rg8 19. Qxh7 Nf6 20. Qh4 Ng4 21. Be3 Nxe3 22. fxe3 Bc6 23. Kh1 Rd2 24. Nxd2 Bxg2+ 25. Kg1 Bh3+ 26. Kh1 Bg2+ 27. Kg1 Bh3+ 1/2-1/2

[Event "57.SMM SK Steinegg/Rk-Gröden"]
[Site "?"]
[Date "2025.11.29"]
[Round "3.5"]
[White "Bernardi, Ruben"]
[Black "Schroffenegger, Simon"]
[Result "1-0"]
[WhiteElo "2028"]
[BlackElo "1715"]
[PlyCount "51"]
[EventDate "2025.??.??"]
[SourceVersionDate "2025.11.30"]

{[%evp 0,51,19,15,39,30,30,-50,-49,-19,-14,-10,-4,-28,-28,-28,-28,-26,43,13,68,57,102,-66,-53,-88,-39,-33,-5,5,28,5,13,-14,-7,-132,-41,-46,-18,-23,57,56,73,148,259,326,341,321,550,1022,870,1494,29987,29988]} 1. e4 e5 2. Nc3 Nf6 3. g3 Bc5 4. Bg2 a5 5. Nf3 d6 6. d4 exd4 7. Nxd4 O-O 8. O-O c6 9. h3 Be6 10. Bf4 Bc4 11. Nf5 Bxf1 12. Kxf1 Nbd7 13. Nxd6 Ba7 14. Qe2 Nc5 15. e5 Ne8 16. Nf5 Qb6 17. Ne4 Nxe4 18. Bxe4 Qxb2 19. Rd1 Qa3 20. Rd7 Bc5 21. Nh6+ Kh8 22. Nxf7+ Rxf7 23. Rxf7 Qxa2 24. Qh5 h6 25. Qg6 Kg8 26. e6 1-0

[Event "57.SMM SK Steinegg/Rk-Gröden"]
[Site "?"]
[Date "2025.11.29"]
[Round "3.6"]
[White "Resch, Aaron"]
[Black "Grossi, Christian"]
[Result "1-0"]
[WhiteElo "1852"]
[BlackElo "1986"]
[PlyCount "165"]
[EventDate "2025.??.??"]
[SourceVersionDate "2025.11.30"]

1. e4 d6 2. d4 g6 3. Bd3 Bg7 4. Be3 Nd7 5. Nc3 Ngf6 6. f3 c5 7. Nge2 a6 8. Qd2 b5 9. b3 Qc7 10. Nf4 Bb7 11. d5 b4 12. Na4 Nxe4 13. fxe4 Bxa1 14. c3 Nb6 15. Nb2 c4 16. Bxb6 Qxb6 17. Nxc4 Qa7 18. cxb4 Bg7 19. Ke2 Bc8 20. h3 h5 21. Kd1 Bd7 22. Rf1 Qd4 23. a3 Bb5 24. Ne2 Qa1+ 25. Qc1 Bxc4 26. bxc4 O-O 27. Qxa1 Bxa1 28. Kc2 Be5 29. Nc1 a5 30. b5 a4 31. Ne2 Rfc8 32. Kb1 e6 33. Nf4 Bxf4 34. Rxf4 exd5 35. exd5 Re8 36. Rf6 Rad8 37. Kb2 Re3 38. Kc3 Kg7 39. Rf3 Re1 40. Kb4 Ra1 41. Bc2 Ra2 42. Bxa4 Rxg2 43. b6 h4 44. Kb5 Rg3 45. Bd1 Rg1 46. Rd3 Re1 47. a4 Re7 48. a5 Rc8 49. Rd4 Rb7 50. Ba4 Rbb8 51. Re4 Kf6 52. Kb4 g5 53. Bc6 Kf5 54. Re7 g4 55. Rxf7+ Kg6 56. Rf4 gxh3 57. Bd7 h2 58. Rf1 Rf8 59. Rh1 Rf2 60. Kb5 Kf6 61. Be6 Rc2 62. Ka6 Ra8+ 63. Kb5 Rb2+ 64. Kc6 Rxa5 65. b7 Ra6+ 66. Kc7 Ra7 67. Bc8 Ke5 68. Kd8 Ra4 69. Rxh2 Rb6 70. Rxh4 Rb2 71. Kc7 Rb1 72. Rg4 Rab4 73. Rg5+ Kf6 74. Rf5+ Ke7 75. Rf4 Rb6 76. Re4+ Kf8 77. Re6 R6b4 78. Rxd6 Rxc4+ 79. Rc6 Rcb4 80. d6 Rd1 81. b8=Q Rxb8 82. Kxb8 Ke8 83. Kc7 1-0

[Event "57.SMM J.Richter/Lask BZ-Brixen/Milland"]
[Site "?"]
[Date "2025.11.29"]
[Round "3.1"]
[White "Brenninger, Daniel"]
[Black "De Eccher, Stefano"]
[Result "1/2-1/2"]
[WhiteElo "2092"]
[BlackElo "2170"]
[PlyCount "77"]
[EventDate "2025.??.??"]

{[%evp 0,77,24,10,46,59,90,62,62,32,32,37,54,37,48,42,48,18,28,16,81,64,64,64,81,64,64,53,84,77,79,91,91,91,95,45,62,0,0,-26,-26,-26,-26,-54,-71,-70,-48,-55,-55,-58,-53,-57,-36,-67,-56,-56,-56,-52,-38,-50,-17,-117,-117,-158,-162,-224,-193,-246,-133,-137,-123,-123,-118,-136,-101,-123,-100,-123,-127,-127]} 1. e4 c5 2. Nf3 d6 3. d4 cxd4 4. Nxd4 Nf6 5. Nc3 g6 6. Be2 Bg7 7. Be3 Nc6 8. Qd2 O-O 9. O-O-O d5 10. Nxc6 bxc6 11. exd5 Nxd5 12. Nxd5 cxd5 13. Qxd5 Qc7 14. Qxa8 Bf5 15. Qxf8+ Kxf8 16. Rd2 h5 17. Bf3 Kg8 18. h3 Qb8 19. Bd4 e5 20. Bc3 Bh6 21. Re1 Bxd2+ 22. Kxd2 e4 23. Bxe4 Qf4+ 24. Kd3 Qxf2 25. Bxf5 Qxf5+ 26. Re4 f6 27. Bd4 Kf7 28. c4 Qf1+ 29. Re2 Qb1+ 30. Rc2 Qxa2 31. c5 Qb3+ 32. Rc3 Qb5+ 33. Ke3 Qc6 34. Kf2 f5 35. Be3 Qb5 36. Bc1 Qc6 37. Be3 a6 38. h4 Qb5 39. Bc1 1/2-1/2

[Event "57.SMM J.Richter/Lask BZ-Brixen/Milland"]
[Site "?"]
[Date "2025.11.29"]
[Round "3.2"]
[White "Unterweger, Jonas"]
[Black "Paulmichl, Martin"]
[Result "1-0"]
[WhiteElo "2037"]
[BlackElo "1943"]
[PlyCount "81"]
[EventDate "2025.??.??"]

{[%evp 0,81,17,17,64,44,44,16,47,6,1,-2,8,14,10,12,57,19,26,27,46,12,58,68,94,92,92,96,109,97,188,146,149,126,118,102,102,106,106,90,99,60,82,63,111,88,58,-25,-37,-38,72,49,63,47,47,43,69,6,42,-149,42,77,73,80,80,50,47,53,44,50,52,44,101,10,60,62,43,30,326,336,335,356,371,354]} 1. Nf3 f5 2. c4 Nf6 3. g3 d6 4. Bg2 e5 5. d3 Be7 6. Nc3 O-O 7. O-O Qe8 8. b3 c6 9. Bb2 Qh5 10. b4 e4 11. Nd4 e3 12. Bf3 exf2+ 13. Rxf2 Qg6 14. e3 Na6 15. b5 cxb5 16. Ndxb5 Nc5 17. Nd5 Nxd5 18. Bxd5+ Kh8 19. Qf1 Bd7 20. Rd1 a6 21. Nd4 Rab8 22. Qg2 Bg5 23. Bc1 Rbe8 24. Rf3 Qh6 25. Qf2 g6 26. Bb2 Bf6 27. e4 Qg7 28. exf5 gxf5 29. Nxf5 Bxf5 30. Bxf6 Qxf6 31. Rf1 Nxd3 32. Rxd3 Bxd3 33. Qxf6+ Rxf6 34. Rxf6 Re1+ 35. Kg2 Re2+ 36. Rf2 Re7 37. Rd2 Be4+ 38. Kf2 Kg7 39. Re2 Bxd5 40. Rxe7+ Bf7 41. Rxb7 1-0

[Event "57.SMM J.Richter/Lask BZ-Brixen/Milland"]
[Site "?"]
[Date "2025.11.29"]
[Round "3.3"]
[White "Zuna, Lavdosh"]
[Black "Moncher, Stefano"]
[Result "1/2-1/2"]
[WhiteElo "1937"]
[BlackElo "2126"]
[PlyCount "58"]
[EventDate "2025.??.??"]

{[%evp 0,58,32,32,12,4,41,23,26,0,1,0,-12,-55,-40,-9,-19,-30,-7,-29,-16,-20,-16,-40,-18,-42,-53,-42,-42,-31,68,70,70,60,57,87,58,91,91,98,86,126,139,104,107,117,98,118,115,110,110,0,0,0,0,0,0,0,0,0,0]} 1. d4 Nf6 2. g3 g6 3. Bg2 Bg7 4. c3 d5 5. Bg5 Nc6 6. Bxf6 Bxf6 7. Qb3 e6 8. Nd2 O-O 9. f4 b6 10. Ngf3 Na5 11. Qd1 Ba6 12. b4 Nc4 13. Nxc4 Bxc4 14. Nd2 c5 15. Nxc4 dxc4 16. bxc5 bxc5 17. Bxa8 Qxa8 18. Kf2 cxd4 19. cxd4 Rc8 20. e3 Qe4 21. Qb1 Qd5 22. Qc2 g5 23. h4 gxf4 24. gxf4 Kh8 25. Qe2 Rb8 26. Rac1 c3 27. Rh2 Rb2 28. Rc2 Bxh4+ 29. Rxh4 Qxa2 1/2-1/2

[Event "57.SMM J.Richter/Lask BZ-Brixen/Milland"]
[Site "?"]
[Date "2025.11.29"]
[Round "3.4"]
[White "Bevilacqua, Maurizio"]
[Black "Wisthaler, Lukas"]
[Result "1-0"]
[WhiteElo "2065"]
[BlackElo "1907"]
[PlyCount "53"]
[EventDate "2025.??.??"]

{[%evp 0,53,12,20,50,18,30,10,9,4,18,6,20,31,33,39,31,8,57,34,38,11,21,23,30,5,19,17,17,29,42,37,52,36,44,44,96,70,107,95,198,67,90,18,176,168,157,175,195,101,181,181,212,177,176,293]} 1. Nf3 c5 2. c4 Nf6 3. g3 Nc6 4. Bg2 e6 5. O-O Be7 6. Nc3 O-O 7. d4 cxd4 8. Nxd4 a6 9. e4 Qc7 10. Nde2 d6 11. b3 b6 12. h3 Bb7 13. Be3 Rfd8 14. Rc1 Ne5 15. g4 Ng6 16. g5 Nd7 17. f4 Ngf8 18. Qe1 g6 19. Qf2 f5 20. Ng3 Re8 21. Nd5 Qd8 22. Nxb6 Nxb6 23. Bxb6 Qc8 24. Bd4 Nd7 25. exf5 exf5 26. Rfe1 Nc5 27. Bc3 1-0

[Event "57.SMM J.Richter/Lask BZ-Brixen/Milland"]
[Site "?"]
[Date "2025.11.29"]
[Round "3.5"]
[White "Hellweg, Stephan"]
[Black "Billio, Atto"]
[Result "0-1"]
[WhiteElo "1811"]
[BlackElo "2029"]
[PlyCount "80"]
[EventDate "2025.??.??"]

{[%evp 0,80,20,24,56,46,95,79,62,81,58,54,38,42,42,30,36,35,37,21,54,13,55,21,73,17,17,16,16,17,52,-7,-7,-17,-19,-30,-12,-11,-16,-7,3,13,13,3,0,-260,5,0,-6,-15,-4,-25,0,0,0,0,-8,-6,-15,-58,-57,-38,-6,0,0,-20,0,-92,-97,-143,-131,-182,-235,-203,-203,-186,-195,-210,-204,-182,-187,-191,-244]} 1. e4 c5 2. Nf3 g6 3. d4 cxd4 4. Nxd4 Nf6 5. Nc3 d6 6. Be2 Bg7 7. O-O Nc6 8. Be3 O-O 9. Qd2 Bd7 10. f3 Re8 11. Rad1 Rc8 12. a3 Ne5 13. Nb3 Qc7 14. Bd4 Bc6 15. Bxe5 dxe5 16. Bd3 e6 17. Qf2 b6 18. Qe3 Nh5 19. Bb5 Qe7 20. Bxc6 Rxc6 21. Rd3 Nf4 22. Rdd1 Bh6 23. Qe1 Nh5 24. Qe2 Rec8 25. Kh1 Kg7 26. g3 Qg5 27. Rg1 Kg8 28. Rd7 a5 29. Qd2 Qxd2 30. Nxd2 Rxc3 31. bxc3 Rxc3 32. g4 Rxc2 33. g5 Bf8 34. Rd8 Kg7 35. Rd1 Be7 36. Rb8 Bxg5 37. Nf1 Rf2 38. Rxb6 Rxf3 39. a4 Ra3 40. Rb7 Nf6 0-1

[Event "57.SMM Deutschnofen/Alp-Klausen/Rk"]
[Site "?"]
[Date "2025.11.29"]
[Round "3.1"]
[White "Schacher, Gerd"]
[Black "Zamengo, Fulvio"]
[Result "1/2-1/2"]
[WhiteElo "2255"]
[BlackElo "2366"]
[PlyCount "126"]
[EventDate "2025.11.08"]

{[%evp 0,126,31,38,103,37,44,23,68,40,35,36,26,-14,-8,-13,0,11,4,17,28,10,17,-3,17,1,11,-20,4,-16,-10,-9,17,-4,20,21,6,-8,6,23,14,0,32,-12,3,65,30,40,32,32,32,32,378,-8,-8,-33,-48,-60,0,-28,-24,-37,-43,-9,-19,-52,-24,-10,0,-68,-54,-54,0,0,0,0,29,0,0,0,0,0,133,11,11,11,11,37,37,37,56,56,108,121,124,89,123,104,126,125,133,132,132,141,155,137,137,140,132,102,108,101,118,118,112,112,125,125,120,102,82,81,98,98,101,95,92,0,0]} 1. Nf3 b5 2. g3 Bb7 3. Bg2 c5 4. a4 b4 5. O-O Nf6 6. c4 e6 7. b3 Be7 8. Bb2 O-O 9. d4 Na6 10. Nbd2 cxd4 11. Bxd4 d6 12. Qc2 e5 13. Bb2 Nc5 14. Nh4 Bxg2 15. Nxg2 Qc8 16. Ne3 Rd8 17. Rad1 Qb7 18. f4 Ne6 19. Nf5 exf4 20. gxf4 d5 21. cxd5 Rxd5 22. e3 Rad8 23. Nc4 Rxd1 24. Rxd1 Rxd1+ 25. Qxd1 Ne4 26. Nxe7+ Qxe7 27. Qd5 Nc3 28. Qe5 Qc5 29. Bxc3 bxc3 30. Qxc3 Nxf4 31. Qe5 Ne6 32. Qb8+ Nf8 33. Kf2 h5 34. Qd6 Qf5+ 35. Ke2 Qg4+ 36. Kd3 h4 37. a5 g5 38. a6 Qd1+ 39. Nd2 g4 40. Qd4 Qg1 41. Qxa7 g3 42. hxg3 h3 43. Qb8 h2 44. a7 h1=Q 45. a8=Q Qxa8 46. Qxa8 Qxg3 47. Nc4 Kg7 48. Qd5 Ne6 49. Qe5+ Qxe5 50. Nxe5 Kf6 51. Nc6 Nc7 52. b4 Ke6 53. Kc4 Kd6 54. Nd4 Ke5 55. Kd3 Kd5 56. e4+ Ke5 57. Ke3 f6 58. Nf3+ Kd6 59. Kf4 Na6 60. b5 Nb8 61. Kf5 Kc5 62. Kxf6 Kxb5 63. e5 Nd7+ 1/2-1/2

[Event "57.SMM Deutschnofen/Alp-Klausen/Rk"]
[Site "?"]
[Date "2025.11.29"]
[Round "3.2"]
[White "Dappiano, Andrea"]
[Black "Seebacher, Michael"]
[Result "1/2-1/2"]
[WhiteElo "2292"]
[BlackElo "2110"]
[PlyCount "124"]
[EventDate "2025.11.08"]

{[%evp 0,124,38,25,40,40,40,18,35,49,55,38,65,72,54,47,90,85,88,68,81,84,80,62,103,99,107,84,120,69,92,73,89,140,146,144,139,76,76,76,65,-2,-2,13,-3,-3,-3,-14,-24,-23,-38,-26,-6,-42,-45,-80,-46,-32,-37,-142,-144,-155,-96,-96,-81,-95,-75,-102,-75,-99,-93,-83,-93,-87,-122,-114,-118,-106,-105,-292,-142,-183,-123,-117,-106,-193,-193,-191,-191,-199,-191,-192,-195,-205,-205,-229,-234,-234,-233,-234,-236,-252,-236,-236,-223,-237,-227,-237,-232,-245,-245,-259,-245,-259,-250,-256,-250,-253,-254,-237,-253,-253,-179,-253,-241,-257,-202]} 1. e4 d5 2. exd5 Nf6 3. Bb5+ Nbd7 4. Nf3 Nxd5 5. O-O a6 6. Be2 c5 7. d4 cxd4 8. Qxd4 e6 9. c4 Nb4 10. Qc3 Qf6 11. Bg5 Qxc3 12. Nxc3 Be7 13. Rad1 Nc6 14. Ne4 Bxg5 15. Nfxg5 Ke7 16. Nd6 f6 17. Nxe6 Kxe6 18. Bg4+ f5 19. Bxf5+ Kf6 20. Nxc8 Kxf5 21. Nd6+ Kg6 22. Nxb7 Nf6 23. Rd6 Rhc8 24. b3 Nb4 25. a3 Nc2 26. Rd3 h6 27. Nd6 Rc6 28. a4 Rd8 29. Rg3+ Kh7 30. Nf5 Rd7 31. Rc3 Nd4 32. Nxd4 Rxd4 33. Re1 a5 34. g3 Ne4 35. Rf3 Nd2 36. Rc3 Rb6 37. Ree3 Ne4 38. Rc2 Nc5 39. Re5 Nxb3 40. Rb2 Rb4 41. Rxa5 Rdxc4 42. Rb5 Rxb5 43. axb5 Rb4 44. b6 Rxb6 45. h4 Rb5 46. Kg2 Kg6 47. Rc2 Nd4 48. Rc4 Ne6 49. Ra4 Kf5 50. Rc4 Rb2 51. Ra4 Rd2 52. Rb4 Nc5 53. Rf4+ Ke6 54. Rf8 Nd3 55. Kg1 Ke5 56. Re8+ Kf5 57. Rf8+ Kg4 58. Kg2 g5 59. hxg5 hxg5 60. Kf1 Nc5 61. Kg2 Ra2 62. Rf7 Nb3 1/2-1/2